Tilastot visalle Sanat - "No onkos tullut kesä"

Klikkaa tästä pelataksesi tätä visaa!

Yleistilastot

  • Tätä visaa on pelattu 141 kertaa
  • Keskiarvotulos 33 / 51

Vastaustilastot

Sanat% Oikein
kesä
100%
No
99%
on
99%
on
99%
on
99%
onkos
99%
tullut
99%
talven
98%
talven
98%
keskelle,
96%
nyt
96%
nyt
96%
pesä
94%
Ja
91%
ja
91%
ja
91%
pikkulinnuille
90%
laitetaankos
84%
myös
83%
Jo
73%
joulu
61%
Oi
60%
lämmin,
57%
mieli
57%
ainainen!
56%
ihmisellä
55%
ois
55%
hellä
54%
jokaisen.
54%
jospa
54%
hyvä,
52%
kuusi
49%
näin
48%
kynttilöitä
46%
öitä
46%
pimeitä
46%
valaistaan.
44%
ehkä
43%
käynyt
42%
Niin
42%
niin
42%
vanhakin
42%
kukkimaan,
41%
nuortuu
41%
kuin
40%
mielissään.
40%
suortuu,
40%
kaikk'
39%
koukkuselkä
39%
leikkimään
38%
lapsi
37%

Tulosjakauma

Persentiili vastausten määrän mukaan

Jokaisen tuloksen saaneiden osuus

Tuloshistoriasi

Et ole pelannut tätä visaa